01469nam a2200361 a 4500001001200000003000800012006001900020007001500039008004100054010001700095020003900112020002700151040002100178035002100199043001200220050002400232082001500256100001700271245013400288260005400422300002400476504005100500533015200551610005600703650005500759650004000814650003500854650002900889655002900918710001700947856012600964999001701090ebr10744871CaPaEBRm o u cr cn|||||||||130215s2013 miua sb 001 0 eng d z 2013006630 z9780472118755 (cloth : alk. paper) z9780472029105 (e-book) aCaPaEBRcCaPaEBR a(OCoLC)856017207 af-sa---14aKTL470b.S58 2013eb04a968.062231 aSitze, Adam.14aThe impossible machineh[electronic resource] :ba genealogy of South Africa's Truth and Reconciliation Commission /cAdam Sitze. aAnn Arbor :bUniversity of Michigan Press,c2013. axii, 380 p. :bill. aIncludes bibliographical references and index. aElectronic reproduction.bPalo Alto, Calif. :cebrary,d2013.nAvailable via World Wide Web.nAccess may be limited to ebrary affiliated libraries.10aSouth Africa.bTruth and Reconciliation Commission. 0aJustice, Administration ofzSouth AfricaxHistory. 0aRule of lawzSouth AfricaxHistory. 0aJudgeszSouth AfricaxHistory. 0aApartheidzSouth Africa. 7aElectronic books.2local2 aebrary, Inc.40uhttp://site.ebrary.com/lib/rucke/Doc?id=10744871zAn electronic book accessible through the World Wide Web; click to view c14067d14067